Genetic effects of radiations.

Bibliographic Details
Main Author: Purdom, C. E.
Format: Book
Language:English
Published: New York : Academic Press, 1963.
Subjects:

MARC

Tag First Indicator Second Indicator Subfields
LEADER 00000cam a2200000 4500
001 in00000041293
005 20151007072532.0
008 730205s1963 nyua 00000 eng u
010 |a  63004216  
035 |a (OCoLC)00552269 
035 |9 AAE8055AM 
040 |c WSU  |d TXA  |d UtOrBLW 
049 |a TXAM  |c [366299] 
050 0 |a QH652  |b .P85 
092 |a 575.131  |b P985g, 1963 
100 1 |a Purdom, C. E. 
245 1 0 |a Genetic effects of radiations. 
264 1 |a New York :  |b Academic Press,  |c 1963. 
300 |a 173 pages :  |b illustrations ;  |c 23 cm. 
336 |a text  |b txt  |2 rdacontent 
337 |a unmediated  |b n  |2 rdamedia 
338 |a volume  |b nc  |2 rdacarrier 
650 0 |a Radiogenetics. 
999 |a MARS 
999 f f |s be483f38-1c71-39ae-a4d9-552bd8d42164  |i 7733cc7a-e443-3e4a-8f6e-256f774244a3  |t 0 
952 f f |p ric  |a Texas A&M University  |b Rellis Campus  |c Joint Library Facility  |d Remote Storage  |t 0  |e QH652 .P85  |h Library of Congress classification  |i unmediated -- volume  |m A14800979905 
998 f f |a QH652 .P85  |t 0  |l Remote Storage